[Event "FISU World University"]
[Site "Tornelo INT"]
[Date "2020.10.26"]
[Round "2.22"]
[White "Wu, Yuxuan"]
[Black "Barmagambetova, Sakypzhama"]
[Result "1/2-1/2"]
[WhiteElo "2152"]
[BlackElo "1894"]
[PlyCount "105"]
[EventDate "2020.10.26"]
[EventType "team-swiss (rapid)"]
[EventRounds "9"]
[EventCountry "NET"]
[SourceTitle "CBM 199 Extra"]
[Source "ChessBase"]
[SourceDate "2021.01.31"]
[SourceVersion "1"]
[SourceVersionDate "2021.01.31"]
[SourceQuality "1"]
[WhiteTeam "China V"]
[BlackTeam "Kazakhstan III"]
[WhiteTeamCountry "CHN"]
[BlackTeamCountry "KAZ"]

1. b3 c5 2. Bb2 e6 3. Nf3 Nf6 4. e3 Be7 5. d4 0-0 6. Bd3 b6 7. 0-0 Bb7 8. Nbd2 d6 9. Qe2 Nbd7 10. e4 cxd4 11. Bxd4 Nc5 12. Bxc5 dxc5 13. Ba6 Bxa6 14. Qxa6 Qc7 15. a4 Rfd8 16. a5 h6 17. axb6 axb6 18. Qxa8 Rxa8 19. Rxa8+ Kh7 20. Rfa1 Qf4 21. R8a7 Ng8 22. Rb7 g5 23. g3 Qf6 24. Ra4 g4 25. e5 Qg6 26. Ne1 Qg5 27. Ne4 Qxe5 28. Nd3 Qf5 29. Rxb6 Qf3 30. Nc3 Nf6 31. Rf4 Qa8 32. Ra4 Qf3 33. Rf4 Qa8 34. Ra4 Qf3 35. Rc4 h5 36. Ne5 Qf5 37. Nc6 Bd6 38. Rb7 Kg7 39. Nd8 Qxc2 40. Rxf7+ Kg8 41. Rxf6 Be5 42. Rxe6 Bxc3 43. Kg2 Qd3 44. Re8+ Kh7 45. Re7+ Bg7 46. Nb7 Qf3+ 47. Kg1 Qd1+ 48. Kg2 Qf3+ 49. Kf1 Qd1+ 50. Kg2 Qf3+ 51. Kf1 Qd1+ 52. Kg2 Qf3+ 53. Kf1 1/2-1/2

[Event "KAZ-ch (Women)"]
[Site "Almaty"]
[Date "2017.04.11"]
[Round "9"]
[White "Barmagambetova, Sakypzhama"]
[Black "Bauyrzhan, Arnash"]
[Result "1/2-1/2"]
[WhiteElo "1829"]
[BlackElo "2050"]
[PlyCount "148"]
[EventDate "2017.04.03"]
[EventType "tourn"]
[EventRounds "9"]
[EventCountry "KAZ"]
[SourceTitle "CBM 177 Extra"]
[Source "ChessBase"]
[SourceDate "2017.04.27"]
[SourceVersion "1"]
[SourceVersionDate "2017.04.27"]
[SourceQuality "1"]

1. e4 c5 2. Nf3 e6 3. d4 cxd4 4. Nxd4 a6 5. Bd3 Nf6 6. 0-0 Qc7 7. c4 Bc5 8. Nf3 Nc6 9. Nc3 0-0 10. Bg5 Ng4 11. h3 Nge5 12. Nxe5 Qxe5 13. Qd2 Bd6 14. f4 Qd4+ 15. Kh1 f5 16. Ne2 Qc5 17. a3 a5 18. Bh4 a4 19. Qc2 b6 20. Bf2 Qa5 21. Be1 Qc5 22. Rd1 Be7 23. Bf2 Qa5 24. exf5 exf5 25. Nc3 g6 26. Nb5 Rb8 27. Be1 Qa8 28. c5 bxc5 29. Bc4+ Kg7 30. Nc7 Qa7 31. Nd5 Bf6 32. Nxf6 Rxf6 33. Qe2 d6 34. Bh4 Nd4 35. Bxf6+ Kxf6 36. Qf2 Kg7 37. Rfe1 Qc7 38. Qh4 Nc6 39. Bd5 Qd8 40. Qxd8 Nxd8 41. Re7+ Kf6 42. Rxh7 Be6 43. Bxe6 Kxe6 44. Rg7 d5 45. Re1+ Kf6 46. Rg8 Nc6 47. Rxb8 Nxb8 48. Re5 d4 49. Rxc5 Ke6 50. Kg1 Nd7 51. Rc7 Nf8 52. Kf2 Kd5 53. g3 Ne6 54. Rd7+ Kc6 55. Rf7 Nc5 56. Rf6+ Kd5 57. Rxg6 Nd3+ 58. Ke2 Nxb2 59. h4 d3+ 60. Kd2 Kd4 61. Rd6+ Ke4 62. Rxd3 Nxd3 63. h5 Nb2 64. h6 Nc4+ 65. Kc3 Nd6 66. Kb4 Kf3 67. Kxa4 Kxg3 68. Kb4 Kxf4 69. a4 Kg5 70. h7 Nf7 71. a5 f4 72. a6 f3 73. a7 f2 74. a8Q f1Q 1/2-1/2

[Event "KAZ-ch (Women)"]
[Site "Almaty"]
[Date "2017.04.06"]
[Round "4"]
[White "Ankudinova, Elena"]
[Black "Barmagambetova, Sakypzhama"]
[Result "1/2-1/2"]
[WhiteElo "2166"]
[BlackElo "1829"]
[PlyCount "145"]
[EventDate "2017.04.03"]
[EventType "tourn"]
[EventRounds "9"]
[EventCountry "KAZ"]
[SourceTitle "CBM 177 Extra"]
[Source "ChessBase"]
[SourceDate "2017.04.27"]
[SourceVersion "1"]
[SourceVersionDate "2017.04.27"]
[SourceQuality "1"]

1. Nf3 Nf6 2. c4 e6 3. g3 d5 4. Bg2 Be7 5. 0-0 0-0 6. b3 c6 7. Bb2 Nbd7 8. d3 a5 9. a3 c5 10. Nc3 d4 11. Nb5 e5 12. Qc2 Re8 13. e3 dxe3 14. fxe3 Bf8 15. Nd2 Ng4 16. Rae1 g6 17. h3 Ngf6 18. Kh2 h5 19. a4 Rb8 20. d4 b6 21. Bc6 Bb7 22. d5 Qc8 23. Bxd7 Nxd7 24. e4 Qd8 25. Nf3 Ba6 26. Nc3 Bg7 27. Bc1 Nf6 28. Bg5 Qd6 29. Nh4 Nh7 30. Bc1 Bc8 31. Nb5 Qd8 32. Qf2 Bf6 33. Nf3 Rf8 34. Ng1 Bg7 35. Qe2 Ng5 36. Qe3 Nh7 37. Qe2 Ng5 38. Nc3 Bd7 39. Rf2 Nh7 40. Ref1 Qe7 41. Nf3 Rbd8 42. Kg2 Bc8 43. Nh4 Qd7 44. Rh1 Bf6 45. Nf3 Qe7 46. Bh6 Rfe8 47. Qd2 Bg7 48. Be3 Bd7 49. Nh4 Rf8 50. Kf1 Bf6 51. Nf3 Bg7 52. Ke2 f5 53. Nh4 Qe8 54. Bg5 Bf6 55. Bxf6 Rxf6 56. Rhf1 f4 57. gxf4 Bxh3 58. Rg1 Bg4+ 59. Rxg4 hxg4 60. f5 g5 61. Ng6 Rxg6 62. fxg6 Qxg6 63. Rf5 g3 64. Kf3 Rf8 65. Rxf8+ Nxf8 66. Kxg3 Qh5 67. Qh2 Qf7 68. Qf2 Qh5 69. Qh2 Qf7 70. Ne2 Qg6 71. Qh1 Nd7 72. Qh3 Nf6 73. Nc3 1/2-1/2

[Event "KAZ-ch (Women)"]
[Site "Almaty"]
[Date "2017.04.05"]
[Round "3"]
[White "Barmagambetova, Sakypzhama"]
[Black "Nakhbayeva, Guliskhan"]
[Result "0-1"]
[WhiteElo "1829"]
[BlackElo "2304"]
[PlyCount "110"]
[EventDate "2017.04.03"]
[EventType "tourn"]
[EventRounds "9"]
[EventCountry "KAZ"]
[SourceTitle "CBM 177 Extra"]
[Source "ChessBase"]
[SourceDate "2017.04.27"]
[SourceVersion "1"]
[SourceVersionDate "2017.04.27"]
[SourceQuality "1"]

1. d4 Nf6 2. Nf3 e6 3. e3 b6 4. Bd3 Bb7 5. Nbd2 d5 6. b3 Be7 7. Bb2 0-0 8. 0-0 c5 9. Ne5 Nc6 10. a3 a6 11. c4 cxd4 12. Nxc6 Bxc6 13. exd4 dxc4 14. bxc4 b5 15. Rc1 bxc4 16. Nxc4 Rb8 17. Qc2 h6 18. Ne5 Bd5 19. Qe2 Qb6 20. Rc2 a5 21. Bc4 Rfc8 22. Rfc1 Be4 23. Bd3 Rxc2 24. Rxc2 Bd5 25. Nc4 Qa7 26. h3 a4 27. Ne5 Qb7 28. f3 Qb3 29. Nc4 Nh5 30. Qe5 f6 31. Qe3 f5 32. Nd2 Qb7 33. Bc4 Bd6 34. Bxd5 Qxd5 35. Qd3 Bf4 36. Nc4 Rb3 37. Rc3 Rb8 38. Rc2 Rb3 39. Rc3 Rb8 40. Rc2 Qd8 41. Qe2 Qd5 42. Qd3 Re8 43. Qc3 Qd8 44. Bc1 Bxc1 45. Rxc1 Nf4 46. Re1 Qg5 47. Ne3 Nxh3+ 48. Kf1 Nf4 49. Qc6 Rb8 50. Qc2 Kh7 51. Rb1 Rxb1+ 52. Qxb1 h5 53. Qc2 h4 54. Qxa4 Nxg2 55. Nxg2 h3 0-1

[Event "Wch U14 Girls"]
[Site "Khanty-Mansiysk"]
[Date "2016.09.29"]
[Round "7"]
[White "Barmagambetova, Sakypzhama"]
[Black "Alekseenko, Mariya"]
[Result "0-1"]
[WhiteElo "1744"]
[BlackElo "1643"]
[PlyCount "70"]
[EventDate "2016.09.22"]
[EventType "swiss"]
[EventRounds "11"]
[EventCountry "RUS"]
[SourceTitle "EXT 2017"]
[Source "ChessBase"]
[SourceDate "2016.10.25"]
[SourceVersion "1"]
[SourceVersionDate "2016.10.25"]
[SourceQuality "1"]

1. d4 Nf6 2. c4 e6 3. Nc3 d5 4. Nf3 c6 5. Bg5 Be7 6. e3 0-0 7. Bd3 Nbd7 8. 0-0 h6 9. Bh4 b6 10. Rc1 Bb7 11. h3 Rc8 12. cxd5 cxd5 13. Qa4 a6 14. b4 Ne4 15. Bxe7 Qxe7 16. Ne2 b5 17. Qa5 Nd6 18. Qa3 Nc4 19. Qb3 Ndb6 20. Nc3 Qd7 21. e4 Rfe8 22. e5 Rc7 23. Ne2 Rec8 24. Bb1 Na4 25. Qd3 g6 26. Nh2 Qe7 27. Ng4 Kg7 28. Qg3 Nd2 29. Qf4 Qg5 30. Qxg5 hxg5 31. Rxc7 Rxc7 32. Rd1 Nxb1 33. Rxb1 Rc2 34. Nc1 Nc3 35. Ne3 Rxc1+ 0-1

[Event "Wch U14 Girls"]
[Site "Khanty-Mansiysk"]
[Date "2016.09.25"]
[Round "4"]
[White "Bitkova, Jelizaveta"]
[Black "Barmagambetova, Sakypzhama"]
[Result "0-1"]
[WhiteElo "1415"]
[BlackElo "1744"]
[PlyCount "100"]
[EventDate "2016.09.22"]
[EventType "swiss"]
[EventRounds "11"]
[EventCountry "RUS"]
[SourceTitle "EXT 2017"]
[Source "ChessBase"]
[SourceDate "2016.10.25"]
[SourceVersion "1"]
[SourceVersionDate "2016.10.25"]
[SourceQuality "1"]

1. Nf3 Nf6 2. d4 e6 3. Bf4 d5 4. e3 Be7 5. Bd3 0-0 6. Nbd2 c5 7. c4 Nc6 8. cxd5 exd5 9. dxc5 Bxc5 10. 0-0 Nb4 11. Nb3 Be7 12. a3 Nxd3 13. Qxd3 a5 14. Rac1 Qe8 15. Nbd4 b6 16. Qb3 Bc5 17. Ne5 a4 18. Qc2 Nh5 19. Nef3 Nxf4 20. exf4 Qe4 21. Qd2 Qg6 22. Ne5 Qf6 23. Nb5 Qd8 24. Nd3 Ba6 25. Nc3 Be7 26. Rfe1 Bb7 27. Nb5 d4 28. Rc7 Qd5 29. f3 Bf6 30. Ne5 Qxb5 31. Rxb7 Bxe5 32. Rxe5 Qc6 33. Rbe7 Rad8 34. Re4 d3 35. Re3 Qc2 36. Re2 Rc8 37. Rf2 Qb3 38. Rd7 Rc2 39. Qxd3 Rc1+ 40. Rf1 Qxb2 41. Rd8 Rxf1+ 42. Kxf1 g6 43. Rd4 Rc8 44. Re4 Rc1+ 45. Re1 Rxe1+ 46. Kxe1 Qxg2 47. Qd8+ Kg7 48. Qxb6 Qh1+ 49. Ke2 Qxh2+ 50. Ke3 Qg1+ 0-1

[Event "Wch U14 Girls"]
[Site "Khanty-Mansiysk"]
[Date "2016.09.23"]
[Round "2"]
[White "Kvamme, Ingrid Jodre"]
[Black "Barmagambetova, Sakypzhama"]
[Result "0-1"]
[WhiteElo "1450"]
[BlackElo "1744"]
[PlyCount "76"]
[EventDate "2016.09.22"]
[EventType "swiss"]
[EventRounds "11"]
[EventCountry "RUS"]
[SourceTitle "EXT 2017"]
[Source "ChessBase"]
[SourceDate "2016.10.25"]
[SourceVersion "1"]
[SourceVersionDate "2016.10.25"]
[SourceQuality "1"]

1. Nf3 Nf6 2. c4 c6 3. g3 d5 4. b3 Qb6 5. Bg2 g6 6. d3 Bg7 7. 0-0 Ne4 8. d4 Qa6 9. cxd5 cxd5 10. Nbd2 Nc3 11. Qe1 Nxe2+ 12. Kh1 Nxd4 13. Nxd4 Bxd4 14. Rb1 Bf5 15. Bxd5 Bxb1 16. Nxb1 0-0 17. a4 Nc6 18. Bf4 Nb4 19. Bc4 Qc6+ 20. Kg1 Nd5 21. Qe4 Nxf4 22. Qxf4 Qf6 23. Qe4 Rab8 24. Nd2 a6 25. Nf3 Rfd8 26. Bd5 Bc5 27. Bxb7 Qd6 28. Ne5 Qe6 29. Re1 Qb6 30. Qf3 Bxf2+ 31. Qxf2 Qxf2+ 32. Kxf2 Rxb7 33. Nc6 Rd2+ 34. Re2 Rxe2+ 35. Kxe2 Rxb3 36. Nxe7+ Kf8 37. Nc6 Ra3 38. Kd2 Rxa4 0-1